000 00383nam a2200109Ia 4500
008 230320s9999||||xx |||||||||||||| ||spa||
082 _a370.152/C74
100 _aCondemarín, Mabel ; Chadwick, Mariana ; Milicic, Neva
245 0 _aMadurez Escolar : Manual De Evaluación Y Desarrollo De Las Funciones Básicas Para El Aprendizaje Escolar
260 _bAndrés Bello
942 _80
_cLIB
999 _c33433
_d33433